| Tag |
First Indicator |
Second Indicator |
Subfields |
| LEADER |
00000cam a2200000 a 4500 |
| 001 |
in00004359607 |
| 005 |
20260123213035.9 |
| 006 |
m o d |
| 007 |
cr cn |
| 008 |
040821s2021 xx o eng |
| 020 |
|
|
|z 9781119761747
|
| 020 |
|
|
|z 9781119761877
|
| 024 |
8 |
|
|a 9781119761747
|
| 035 |
|
|
|a (CaSebORM)9781119761747
|
| 040 |
|
|
|d UtOrBLW
|
| 041 |
0 |
|
|a eng
|
| 100 |
1 |
|
|a Singh, Krishna,
|e author.
|0 http://id.loc.gov/authorities/names/no2004064037
|
| 245 |
1 |
0 |
|a Machine Learning Approaches for Convergence of IoT and Blockchain /
|c Singh, Krishna.
|
| 250 |
|
|
|a 1st edition.
|
| 264 |
|
1 |
|b Wiley-Scrivener,
|c 2021.
|
| 300 |
|
|
|a 1 online resource (256 pages)
|
| 336 |
|
|
|a text
|b txt
|2 rdacontent
|
| 337 |
|
|
|a computer
|b c
|2 rdamedia
|
| 338 |
|
|
|a online resource
|b cr
|2 rdacarrier
|
| 347 |
|
|
|a text file
|
| 365 |
|
|
|b 195.00
|
| 520 |
|
|
|a The digital revolution is characterized by the convergence of technologies, rapidly advancing the 4th industrial revolution thereby blurring the lines between physical, digital and biological objects. The speed of the fourth revolution which evolves at an exponential rate cannot by any means be compared with any previous technologies. AI and IoT employ the interactions and operations in various fields such as home appliances, autonomous vehicles, nanotechnology, robotics, cognitive systems, self-driving cars and wearable devices. The potential of blockchain technology is realized in many sectors as security plays a crucial role everywhere. This book deeply discusses two of the most critical emerging fields of machine learning: blockchain technology and the Internet of Things.
|
| 533 |
|
|
|a Electronic reproduction.
|b Boston, MA :
|c Safari,
|n Available via World Wide Web.
|d 2021.
|
| 538 |
|
|
|a Mode of access: World Wide Web.
|
| 542 |
|
|
|f Copyright © 2021 by John Wiley and Sons
|g 2021
|
| 550 |
|
|
|a Made available through: Safari, an O'Reilly Media Company.
|
| 588 |
0 |
|
|a Online resource; Title from title page (viewed August 10, 2021)
|
| 500 |
|
|
|a Electronic resource.
|
| 655 |
|
7 |
|a Electronic books.
|2 local
|
| 700 |
1 |
|
|a Singh, Akansha,
|e author.
|0 http://id.loc.gov/authorities/names/no2021035752
|
| 700 |
1 |
|
|a Sharma, Sanjay,
|e author.
|0 http://id.loc.gov/authorities/names/n2014015136
|
| 710 |
2 |
|
|a Safari, an O'Reilly Media Company.
|
| 856 |
4 |
0 |
|u https://proxy.library.tamu.edu/login?url=https://go.oreilly.com/TAMU/library/view/-/9781119761747/?ar
|z Connect to this electronic resource
|t 0
|
| 999 |
f |
f |
|s 13085030-ff34-3c7d-9ad7-a4e3d8fc1ce7
|i 6c819049-d0f0-3acf-9f01-76e50012ed95
|t 0
|
| 952 |
f |
f |
|a Texas A&M University
|b College Station
|c Electronic Resources
|s www_evans
|d Available Online
|t 0
|h No information provided
|
| 998 |
f |
f |
|t 0
|l Available Online
|